Le Placements des équipes nationales au Championnat d'Europe 2004 - Statistiques

Statistiques générales
  • Ce quiz a été pris 7 fois
  • Le résultat moyen est 13 sur 16
Statistiques - réponses
Hint Réponse % Correct
Portugal Deuxième place
100%
Russie Phase de groupes
100%
Lettonie Phase de groupes
100%
Allemagne Phase de groupes
100%
France Quarts de finale
100%
Grèce Vainqueur
100%
Suisse Phase de groupes
86%
Italie Phase de groupes
86%
Bulgarie Phase de groupes
86%
Espagne Phase de groupes
71%
Croatie Phase de groupes
71%
Angleterre Quarts de finale
71%
République Tchèque Demi-finale
57%
Pays-Bas Demi-finale
57%
Danemark Quarts de finale
57%
Suède Quarts de finale
43%
Aucun quiz correspondant
Distribution des résultats
% des personnes avec chaque résultat
Percentile par nombre de réponses
Votre historique - résultats
Vous n’avez pas pris ce quiz